| 000 | 00399nam a2200157Ia 4500 | ||
|---|---|---|---|
| 008 | 230312s9999||||xx |||||||||||||| ||und|| | ||
| 020 | _a0-7821-2374-0 | ||
| 082 |
_a005.1 _bWEI-E |
||
| 100 | _aWeisskopf Gene | ||
| 245 | 0 | _aExcel 2000 | |
| 260 |
_bSYBEX _aLondon _c1999 |
||
| 300 | _a423 | ||
| 546 | _aEng. | ||
| 650 |
_aComputer _vFinding your way around in Excel , Writing Formulas , |
||
| 942 | _cBK | ||
| 999 |
_c3265 _d3265 |
||